Najsmutnejšia oravská balada (úryvok)

Bibliographic Details
Main Author: Johanides, Ján, 1934-2008 (Author)
Format: Article
Language:Slovak
Subjects:

MARC

LEADER 00000nab a2200000 a 4500
001 vtls000290615
003 SK-MaSNL
005 20260304071928.0
008 250423c1987 xo 0 slo
015 |a SNBRB19rr/mm-uuuuu 
035 |a CL0300734 
035 |a urn:nbn:sk:snk-abem7j 
035 |a (urnnbn)urn:nbn:sk:snk:ar-0007cu 
035 |a (uuid)f519c80b-2cf2-47da-9a9e-54575ee4b8f5 
040 |a SNKBUCL  |b slo  |c SNKBUCL  |e AACR2 
041 0 |a slo 
044 |a xo  |c SK 
080 |a 885.4-3  |2 1981 
100 1 |a Johanides, Ján,  |d 1934-2008  |4 aut  |9 115871 
245 1 0 |a Najsmutnejšia oravská balada  |b (úryvok)  |c Ján Johanides 
655 7 |a spoločenské romány  |2 snkbucl  |9 70538 
655 7 |a články z novín a časopisov  |2 snkbucl  |9 267496 
655 7 |a články z odboru literárna veda a krásna literatúra  |2 snkbucl  |9 770045 
655 7 |a úryvky  |2 snkbucl  |9 84604 
773 0 |t Slovenské pohľady  |g Roč. 103, č. 9 (1987), s. 20-37 
850 |a Slovenská národná knižnica 
852 |a Slovenská národná knižnica 
954 |a beletria pôvodná (slovenská)  |2 lita 
958 |a article27 
958 |a RK 
958 |a LX 
958 |a OND 
958 |a EUIPO 
992 |a RBX 
999 |c 2763413  |d 2765343